| 000 | 00883nam a22002777a 4500 | ||
|---|---|---|---|
| 003 | BUBTL | ||
| 008 | 130514b xxu||||| |||| 00| 0 eng d | ||
| 020 | _a0852264089 | ||
| 024 | _cAvailable | ||
| 037 | _cAvailable | ||
| 040 |
_aMBSTU LIBRARY _dMBSTU LIBRARY |
||
| 082 |
_222 _a621.38153/ K453a/ 1999 |
||
| 100 |
_aKerchner, Russel M. _94326 |
||
| 245 |
_aAlternating-current circuits / _cRussel M. Kerchner, George F. Corcoran |
||
| 250 | _a4th Edn. | ||
| 260 |
_aLondon: _bJohn Wiley and Sons, _cc1999 |
||
| 270 |
_aLondon _bLondon _dUK |
||
| 300 |
_ax, 600 p.: _bills.; _c22 cm. |
||
| 500 | _aIncludes Index | ||
| 505 | _aAlternating-current circuits, Russel M. Kerchner, George F. Corcoran | ||
| 650 | 0 |
_94295 _aElectrical and Electronic Engineering |
|
| 700 |
_aCorcoran, George F. _94325 |
||
| 856 |
_k0 _l0 _yDownload |
||
| 942 |
_2ddc _cBK |
||
| 999 |
_c399 _d399 |
||